000 00475nab a2200145Ia 4500
003 ES-SlBCS
005 20210601145049.0
008 140529s1989 xxu||||| |||| 00| 0 spa d
041 _aspa
100 1 _aLains, Pedro
_9159476
245 0 0 _aLa agricultura y la industria en el crecimiento económico portugués (1850-1913)
_c Pedro Lains
651 4 _aPortugal-Economía
_9307765
773 0 _tRevista de Historia Economica
_gvol. 7, 1989, págs. 651-674
_wRev701
942 _cAR
999 _c718716
_d718716